000 00649cam a2200217 a 4500
001 3733982
005 20240205233147.0
008 811106s1982 enk b 001 0 eng
020 _a0710009976
040 _aDLC
_cDLC
_dDLC
082 0 0 _a306
_219
_bCHA.
100 1 _aWoolfson, Charles,
245 1 4 _aThe labour theory of culture :
_ba re-examination of Engels's theory of human origins /
_cCharles Woolfson.
260 _aLondon ;
_aBoston :
_bRoutledge & Kegan Paul,
_c1982.
300 _aviii, 124 p. ;
500 _aIncludes indexes.
650 0 _aMarxist anthropology.
650 0 _aHuman evolution.
650 0 _aWorking class
942 _cL
999 _c287
_d287